00278nam a2200109Ia 4500008004100000100001600041245004200057260003400099650001300133942000700146999001500153190216s9999||||xx |||||||||||||| ||und|| aGanguly S P 0aPrinciples And Practice Of Management bChatterjee Publishing Concern aCommerce cBK c4419d4419